• 首页
  • 本馆介绍
  • 公告通知
  • 最新文献
  • 馆藏检索
  • 电子资源
  • 读者导购
  • 参考咨询
  • 我的图书馆
  • 登录
  • 详细信息显示
  • 放入我的书架
  • 预约/预借图书
  • 作者相关作品
  • 分类相关作品
  • 丛书相关作品
  • 出版社相关作品

书目信息

  • 表格格式
  • 工作单格式
  • 卡片格式
书名: Rhetorical criticism and theory in practice
作者: Dann L. Pierce.
分册号:
分册名:
出版地: Boston :
 
出版社: McGraw-Hill
出版时间: c2003.
页数: xiii, 446, i-4 p. :
开本: 24 cm.
丛书名:
中图分类号:
科图分类号:
其他分类号: H05
主题词:
电子资源:
000 00683nam 22000229i 450
001 0206103427
005 20070316141541.85
008 020812m2003 u y a b 001 0
020    @a0072500875 (acid-free paper) :@cUSD65.00.
041    @aeng
050    @aP301@b.P473 2003
082 04 @a808@221
090    @aH05
099    @dH05@ex2
100 1  @aPierce@cDann L.
245 10 @aRhetorical criticism and theory in practice / @cDann L. Pierce.
260 1  @aBoston :@bMcGraw-Hill,@cc2003.
300    @axiii, 446, i-4 p. :@bill. ;@c24 cm.
504    @aIncludes bibliographical references and index.
650  4 @aCommunication
650  4 @aRhetoric
650  4 @aRhetorical criticism.
    
    Rhetorical criticism and theory in practice / / Dann L. Pierce.-Boston : : McGraw-Hill, , c2003.
    xiii, 446, i-4 p. : : ill. ; ; 24 cm.
    Includes bibliographical references and index.
    
    ISBN 0072500875 (acid-free paper) :USD65.00.
    
●
相关链接 在E读中查询图书 在五车中查询图书 在当当中查询图书 在豆瓣中查询图书


正题名:Rhetorical criticism and theory in practice     索取号:H05/x2         预约/预借

序号 登录号 条形码 馆藏地/架位号 状态 备注
1 0001990   300019904   第四借阅区/ [索取号:H05/x2] 在馆    
2 0001991   300019913   第四借阅区/ [索取号:H05/x2] 在馆    
3 0001992   300019922   第二样本阅览室/ [索取号:H05/x2] 在馆    
唐山师范学院图书馆 欢迎您!
大连网信软件有限公司© 版权所有